| 000 | 00668cam a22002171 4500 | ||
|---|---|---|---|
| 001 | af 47005261 | ||
| 003 | DLC | ||
| 005 | 20260227110830.0 | ||
| 008 | 870305s1944 gw 000 0 ger c | ||
| 010 | _aaf 47005261 | ||
| 035 | _a(OCoLC)15275268 | ||
| 040 |
_aCincinnati. Univ. Libr. _cTNJ _dDLC |
||
| 042 | _apremarc | ||
| 050 | 0 | 0 |
_aPT2607.E33 _bD6 |
| 100 | 1 |
_aDehnert, Max, _d1893- |
|
| 245 | 1 | 4 | _aDie dominante und andere erzählungen. |
| 260 |
_aLeipzig, _bH. H. Kreisel _c[1944] |
||
| 300 |
_a168, [2] p. _c18 cm. |
||
| 500 | _a"Zweite auflage: 8.-17. tausend, 1944." | ||
| 505 | 0 | _aDie dominante.--Dame in Trauer.--An der grenze.--Die schwankung der ekliptik. | |
| 999 |
_c3022 _d3022 |
||